000 003090000a22001330004500
005 20120302063214.0
942 _cBOOK
100 _a KULKARNI , D.V.
245 _a SHRI EKNATH MAHARAJ
260 _aPUNE : SANTA KRUPA PRAKASHAN ,1999
300 _a112 P.
365 _bES.20 /-
650 _aSANTA / EKNATH
999 _c358857
_d358854